| 000 | 00630cam a22002291 4500 | ||
|---|---|---|---|
| 999 |
_c34805 _d34805 |
||
| 001 | 9369487 | ||
| 003 | OSt | ||
| 005 | 20200201103721.0 | ||
| 008 | 770808s1961 enk 001 0 eng | ||
| 040 | _coclc | ||
| 042 | _apremarc | ||
| 082 |
_a340.59 _bRAM/I |
||
| 100 |
_aRamadan, Said _91737 |
||
| 245 | 1 | 0 |
_aIslamic law : _bits scope and equity / |
| 260 |
_aLondon, _bP.R. Macmillan _c[1961] |
||
| 300 | _a184p | ||
| 500 | _aIncludes index. | ||
| 650 | 0 | _aIslamic law. | |
| 906 |
_a7 _bcbc _coclcrpl _du _encip _f19 _gy-gencatlg |
||
| 942 |
_2ddc _cBK _h340.59 _iRAM/I _k340.59 _mRAM/I |
||